| 000 | 00935nam a2200361Ia 4500 | ||
|---|---|---|---|
| 005 | 20260514124342.0 | ||
| 008 | 008 261405s9999 xx 000 0 eng d | ||
| 037 | _aThesis | ||
| 040 | _aCRL | ||
| 040 | _beng | ||
| 040 | _cCRL | ||
| 041 | _2eng | ||
| 041 | _aeng | ||
| 084 | _qCRL | ||
| 100 |
_aDr.Urvashi Suman _91239506 |
||
| 245 | 0 | _aCytokine Secretion in Suspected Cases of Mycoplasma Pneumoniae Infection with Wheeze in Children Less Than 5 Years of Age. | |
| 260 | _aDelhi | ||
| 260 | _bUniversity of Delhi | ||
| 260 | _c2016 | ||
| 300 | _a94p. | ||
| 502 | _bPh.D. | ||
| 502 | _cUniversity of Delhi | ||
| 502 | _d2016 | ||
| 541 | _oThesis | ||
| 650 | _aMicrobiology | ||
| 700 | _aDr. Surinder Kumar, | ||
| 700 |
_aDr.Beena Uppal, _91239505 |
||
| 700 |
_aDr.C.P.Baveja _91239500 |
||
| 700 |
_aDr.G.R.Sethi _91239508 |
||
| 710 | _aMicrobiology | ||
| 942 | _cTH | ||
| 999 |
_c1851714 _d1851714 |
||